000
00475nam a2200145Ia 4500
008
100122s9999 xx 000 0 und d
082
_b
57586
_a
824
100
_a
पाडळकर विजय
245
_a
रानातील प्रकाश
260
_b
मेहता पब्लिकेशन हाऊस
_c
2000
300
_a
78
630
_a
रानातील प्रकाश
730
_a
रानातील प्रकाश
942
_c
BOOK
999
_c
433754
_d
433751